| 000 | 00507pab a2200193 454500 | ||
|---|---|---|---|
| 008 | 180718b2013 xxu||||| |||| 00| 0 eng d | ||
| 100 | _aMehrotra, Santosh | ||
| 245 | _aEstimating India's skill gap on a realistic basis for 2022 | ||
| 260 | _c2013 | ||
| 300 | _a.102-111. | ||
| 362 | _a30 Mar | ||
| 650 | _aSkilled workers - India | ||
| 650 | _aSkilled workers | ||
| 700 | _aSahoo, Bimal K. | ||
| 700 | _aGandhi, Ankita | ||
| 773 | _aEconomic and Political Weekly | ||
| 908 | _aN | ||
| 909 | _a99246 | ||
| 999 |
_c99245 _d99245 |
||